Bakchias /

محفوظ في:

المؤلف الرئيسي: Pernigotti, Sergio (مؤلف)

مؤلف مشترك: Missione archeologica delle Università degli studi di Bologna e di Lecce nel Fayyum.

مؤلفون آخرون: Capasso, Mario.

التنسيق: كتاب

سلاسل: Monografie di SEAP ; 1-

الموضوعات:

الوسوم: إضافة وسم

لا توجد وسوم, كن أول من يضع وسما على هذه التسجيلة!

رقم الطلب: DT73 .B3 B35 v.1-

LEADER 01618namaa2200397 4500
001 13556
003 OSt
005 20210815123017.0
008 130303s1994 it ab g b 000 0 Ita d
952 |0 0  |1 0  |2 lcc  |4 0  |6 DT0073 B3 B35 V.00001-  |7 1  |9 17746  |a ARCE  |b ARCE  |d 2021-08-15  |l 0  |o DT73 .B3 B35 v.1-  |r 2021-08-15 00:00:00  |w 2021-08-15  |y BK 
999 |c 14618  |d 14618 
010 |a 95123793 
043 |a f-ua--- 
050 0 4 |a DT73 .B3 B35 v.1- 
100 1 |a Pernigotti, Sergio,  |e author  |9 37484 
245 1 0 |a Bakchias /  |c a cura di Sergio Pernigotti e Mario Capasso. 
264 1 |a Pisa :  |b Giardini,  |c 1994- 
300 |a volumes :   |b illustrations (some color), maps ;   |c 31 cm. 
336 |a text  |b txt  |2 rdacontent 
337 |a unmediated  |b n  |2 rdamedia 
338 |a volume  |b nc  |2 rdacarrier 
490 1 |a Monografie di SEAP ;   |v 1- 
500 |a At head of title: Missione congiunta delle Universita di Bologna e di Lecce in Egitto 
500 |a Vols. 7-9 published by Editrice La Mandragora. 
500 |a I.Rapporto preliminare della campagna di scavo del 1993. 
500 |a II.Rapporto preliminare della campagna di scavo del 1994. 
504 |a Includes bibliographical references. 
650 0 |a Excavations (Archaeology)  |z Egypt  |z Bacchias (Extinct city) 
650 0 |a Romans  |z Egypt  |z Bacchias (Extinct city) 
650 0 |a Greeks  |z Egypt  |z Bacchias (Extinct city) 
651 0 |a Bacchias (Extinct city) 
700 1 |a Capasso, Mario.  |9 27702 
710 2 |a Missione archeologica delle Università degli studi di Bologna e di Lecce nel Fayyum. 
830 0 |a Monografie di SEAP ;   |v 1- 
901 |a reviewed 
942 |c BK  |2 lcc